England Women`s world cup squad 2023 - Statistics

General Stats
  • This quiz has been taken 389 times
  • The average score is 18 of 24
Answer Stats
# club Position Answer % Correct
1 Man United GK Mary Earps
99%
2 Barcelona DF Lucy Bronze
98%
8 Bayern München MF Georgia Stanway
92%
Coach Sarina Wiegman
92%
23 Arsenal FW Alessia Russo
89%
10 Man United MF Ella Toone
89%
13 Chelsea GK Hannah Hampton
89%
4 Barcelona MF Keira Walsh
89%
6 Chelsea DF Millie Bright
87%
21 Man City GK Ellie Roebuck
83%
5 Man City DF Alex Greenwood
82%
9 Aston Villa FW Rachel Daly
77%
14 Arsenal DF Lotte Wubben-Moy
75%
11 Man City FW Lauren Hemp
73%
19 Tottenham FW Bethany England
71%
18 Man City FW Chloe Kelly
70%
16 Chelsea DF Jess Carter
69%
7 Chelsea FW Lauren James
69%
12 Aston Villa MF Jordan Nobbs
67%
3 Chelsea DF Niamh Charles
64%
15 Man City DF Esme Morgan
57%
20 Man United MF Katie Zelem
56%
22 Brighton FW Katie Robinson
49%
17 Man City MF Laura Coombs
43%
No matching quizzes found
Score Distribution
Percent of People with Each Score
Percentile by Number Answered
Your Score History
You have not taken this quiz